000
00284nam a22001337a 4500
008
170320b xxu||||| |||| 00| 0 eng d
020
_a
9780683089066
041
_a
eng
080
_2
5TH
_a
616.8
100
_a
7
101
_a
SHM
245
_a
NEUROLOGY
_c
WEINER, H.L
942
_2
udc
_c
BK
999
_c
8070
_d
8070